- Randolph, Vance,
Entry Personal Name
001 - CONTROL NUMBER
- control field: 153663
003 - CONTROL NUMBER IDENTIFIER
- control field: TR-AnTOB
005 - DATE AND TIME OF LATEST TRANSACTION
- control field: 20260414154253.0
008 - FIXED-LENGTH DATA ELEMENTS
- fixed length control field: 771118n| azannaabn |a aaa
010 ## - LIBRARY OF CONGRESS CONTROL NUMBER
- LC control number: n 77013971
035 ## - SYSTEM CONTROL NUMBER
- System control number: (OCoLC)oca00130449
040 ## - CATALOGING SOURCE
- Original cataloging agency: DLC
- Language of cataloging: eng
- Description conventions: rda
- Transcribing agency: DLC
- Modifying agency: DLC
- Modifying agency: CU-S
- Modifying agency: InU
- Modifying agency: TR-AnTOB
046 ## - SPECIAL CODED DATES
- Birth date: 1892
- Death date: 1980-11-01
- Source of date scheme: edtf
100 1# - HEADING--PERSONAL NAME
- Personal name: Randolph, Vance,
- Dates associated with a name: 1892-1980
400 1# - SEE FROM TRACING--PERSONAL NAME
- Personal name: Barrett, T. D.,
- Dates associated with a name: 1892-1980
400 1# - SEE FROM TRACING--PERSONAL NAME
- Personal name: Booker, Anton S.,
- Dates associated with a name: 1892-1980
400 1# - SEE FROM TRACING--PERSONAL NAME
- Personal name: Castleman, Harvey N.,
- Dates associated with a name: 1892-1980
400 1# - SEE FROM TRACING--PERSONAL NAME
- Personal name: Hardy, Allison,
- Dates associated with a name: 1892-1980
400 1# - SEE FROM TRACING--PERSONAL NAME
- Personal name: Harvey, Gerald,
- Dates associated with a name: 1892-1980
400 1# - SEE FROM TRACING--PERSONAL NAME
- Personal name: Henderson, Louis K.,
- Dates associated with a name: 1892-1980
400 1# - SEE FROM TRACING--PERSONAL NAME
- Personal name: Kittredge, Belden,
- Dates associated with a name: 1892-1980
400 1# - SEE FROM TRACING--PERSONAL NAME
- Personal name: Nemo, Peter,
- Dates associated with a name: 1892-1980
400 1# - SEE FROM TRACING--PERSONAL NAME
- Personal name: Rinehart, Felix V.,
- Dates associated with a name: 1892-1980
400 1# - SEE FROM TRACING--PERSONAL NAME
- Personal name: Shackleford, William Yancey,
- Dates associated with a name: 1892-1980
400 1# - SEE FROM TRACING--PERSONAL NAME
- Personal name: Tolliver, Arthur S.,
- Dates associated with a name: 1892-1980
400 1# - SEE FROM TRACING--PERSONAL NAME
- Personal name: Tripp, Newell R.,
- Dates associated with a name: 1892-1980
670 ## - SOURCE DATA FOUND
- Source citation: His Religious philosophers, c1924:
- Information found: t.p. (Vance Randolph)
670 ## - SOURCE DATA FOUND
- Source citation: Ozark folksongs, c1982:
- Information found: t.p. (Vance Randolph) p. 593 (1892-1980)
670 ## - SOURCE DATA FOUND
- Source citation: His Behaviorism, c1925:
- Information found: t.p. (Newell R. Tripp)
670 ## - SOURCE DATA FOUND
- Source citation: His Freud on sleep and sexual dreams, c1925:
- Information found: t.p. (Anton S. Booker)
670 ## - SOURCE DATA FOUND
- Source citation: His The ABC of geology, 1927:
- Information found: t.p. (Allison Hardy)
670 ## - SOURCE DATA FOUND
- Source citation: Cochran, R. For love and for money, 1979,
- Information found: p. 115 (Vance Randolph used following pseuds.: Barrett, T. D.; Booker, Anton S.; Castleman, Harvey N.; Hardy, Allison; Harvey, Gerald; Henderson, Louis K.; Kittredge, Belden; Nemo, Peter; Rinehart, Felix V.; Shackleford, William Yancey; Tolliver, Arthur S.; Tripp, Newell R.)
670 ## - SOURCE DATA FOUND
- Source citation: His Ozark folklore, 1987:
- Information found: v. 2, CIP t.p. (Vance Randolph) introd. (d. 11-1-1980)
688 ## - APPLICATION HISTORY NOTE
- Institution to which field applies: TR-AnTOB
- Application history note: GU 14.04.2026



